[Event "XV C.to Mondiale Seniores Over 65"]
[Site "Acqui Terme ITA"]
[Date "2015.11.17"]
[Round "7"]
[White "Malmdin, Nils-Ake"]
[Black "Harandi, Khosro"]
[WhiteElo "2162"]
[BlackElo "2366"]
[Result "1-0"]
[PlyCount "91"]
[EventDate "2015.11.10"]

1. Nf3 Nf6 2. g3 d5 3. Bg2 c6 4. b3 Bg4 5. Bb2 Nbd7 6. d3 e6 7. Nbd2 a5 8. a3
Bc5 9. O-O O-O 10. c4 Re8 11. Qc2 Qe7 12. e4 dxe4 13. dxe4 e5 14. h3 Bxf3 15.
Nxf3 Rad8 16. Nh4 g6 17. Bc3 Nh5 18. Kh2 b6 19. Qb2 Nf8 20. Nf3 Bd6 21. b4 Rb8
22. Rfd1 Bc7 23. Qd2 Red8 24. Qb2 f6 25. Qb3 c5 26. Rd5 Ne6 27. Rad1 Nd4 28.
Nxd4 exd4 29. Be1 Ng7 30. Qa4 axb4 31. axb4 Bd6 32. bxc5 bxc5 33. Ba5 Rdc8 34.
Bd2 Ra8 35. Qc2 Ne6 36. f4 Nc7 37. e5 fxe5 38. fxe5 Bxe5 39. Re1 Nxd5 40. Bxd5+
Kg7 41. Bf4 d3 42. Qd2 Re8 43. Bxa8 Rxa8 44. Bxe5+ Kg8 45. Qxd3 Ra2+ 46. Re2
1-0

[Event "XV C.to Mondiale Seniores Over 65"]
[Site "Acqui Terme ITA"]
[Date "2015.11.17"]
[Round "7"]
[White "Okhotnik, Vladimir"]
[Black "Karasev, Vladimir I"]
[WhiteElo "2442"]
[BlackElo "2344"]
[Result "1-0"]
[PlyCount "79"]
[EventDate "2015.11.10"]

1. e4 c5 2. Nf3 e6 3. c3 d5 4. exd5 Qxd5 5. d4 Nf6 6. Na3 Nc6 7. Be3 cxd4 8.
Nb5 Qd8 9. Nbxd4 Nxd4 10. Bxd4 Be7 11. Bd3 O-O 12. Qc2 g6 13. h4 Nh5 14. O-O-O
Qa5 15. Kb1 Nf4 16. h5 Nxd3 17. hxg6 fxg6 18. Rxd3 Bf6 19. Bxf6 Rxf6 20. Qd2
Rf8 21. Qh6 Qc7 22. Ng5 e5 23. Nxh7 Bf5 24. Nf6+ Rxf6 25. Qh8+ Kf7 26. Qh7+ Ke6
27. Qxc7 Bxd3+ 28. Kc1 Rf7 29. Qc5 Rd8 30. Qxa7 Be4 31. f3 Bc6 32. Qe3 Kf6 33.
Qh6 Rd6 34. Qh8+ Ke6 35. Rh6 Kf5 36. Rh1 Ke6 37. Re1 e4 38. fxe4 Rf2 39. Qh3+
Kf7 40. Qe3 1-0

[Event "XV C.to Mondiale Seniores Over 65"]
[Site "Acqui Terme ITA"]
[Date "2015.11.17"]
[Round "7"]
[White "Shvedchikov, Anatoli I"]
[Black "Birnboim, Nathan"]
[WhiteElo "2310"]
[BlackElo "2360"]
[Result "0-1"]
[PlyCount "90"]
[EventDate "2015.11.10"]

1. d4 d6 2. c4 g6 3. Nc3 Bg7 4. e4 Nd7 5. Be3 e5 6. d5 Ne7 7. f3 f5 8. Nge2 Nf6
9. h3 h5 10. c5 Bh6 11. Bxh6 Rxh6 12. Qa4+ Kf7 13. Qb4 fxe4 14. fxe4 Kg7 15.
cxd6 cxd6 16. Nb5 Ne8 17. Qd2 Bd7 18. Ng1 Bxb5 19. Bxb5 Nf6 20. Bd3 Qb6 21. Ne2
h4 22. Rf1 Nh5 23. O-O-O Ng8 24. Kb1 Ngf6 25. Rc1 Rhh8 26. Rf3 Raf8 27. Qg5 Rf7
28. Rcf1 Qb4 29. Qe3 Rhf8 30. Qxa7 Nxe4 31. a3 Rxf3 32. axb4 Rxf1+ 33. Ka2 Nd2
34. Nc3 R1f4 35. Qxb7+ R4f7 36. Qc6 Nf4 37. Ba6 Rd8 38. Qb6 Ra8 39. b5 Nd3 40.
b3 Rf2 41. Ka3 Rf1 42. Na2 Ra1 43. Qc7+ Kh6 44. Qc2 Nb1+ 45. Ka4 Nc3+ 0-1

[Event "XV C.to Mondiale Seniores Over 65"]
[Site "Acqui Terme ITA"]
[Date "2015.11.17"]
[Round "7"]
[White "Singer, Hans"]
[Black "Pushkov, Nikolai"]
[WhiteElo "2208"]
[BlackElo "2317"]
[Result "0-1"]
[PlyCount "60"]
[EventDate "2015.11.10"]

1. d4 Nf6 2. Nf3 e6 3. e3 b6 4. Bd3 Bb7 5. O-O d5 6. Nbd2 Nbd7 7. b3 Bb4 8. Bb2
Ne4 9. a3 Bc3 10. Bxc3 Nxc3 11. Qc1 O-O 12. Qb2 Ne4 13. c3 Qe7 14. Qc2 f5 15.
c4 Rac8 16. b4 c5 17. dxc5 bxc5 18. Qa4 Nxd2 19. Nxd2 Ne5 20. Be2 f4 21. exf4
Rxf4 22. cxd5 Bxd5 23. Qc2 Rff8 24. f3 cxb4 25. Qb2 Qg5 26. Qd4 Ng6 27. Rfd1
Nf4 28. Bf1 b3 29. Ne4 Bxe4 30. Qxe4 Nh3+ 0-1

[Event "XV C.to Mondiale Seniores Over 65"]
[Site "Acqui Terme ITA"]
[Date "2015.11.17"]
[Round "7"]
[White "Sorensen, Bent"]
[Black "Pritchett, Craig W"]
[WhiteElo "2151"]
[BlackElo "2334"]
[Result "1-0"]
[PlyCount "113"]
[EventDate "2015.11.10"]

1. Nf3 Nf6 2. c4 e6 3. g3 b6 4. Bg2 Bb7 5. O-O c5 6. Nc3 Be7 7. Re1 d6 8. e4 a6
9. d4 cxd4 10. Nxd4 Qc7 11. Be3 Nbd7 12. Rc1 O-O 13. f3 Rac8 14. Bf1 Rfe8 15.
Qd2 Ne5 16. Qf2 Qb8 17. Na4 Nfd7 18. b3 Bd8 19. Rcd1 Bc7 20. Be2 Ba8 21. Nc3
Nf6 22. Bd2 h6 23. Bf1 Bd8 24. h3 b5 25. f4 b4 26. Na4 Ng6 27. Bg2 e5 28. f5
exd4 29. fxg6 fxg6 30. Qxd4 Bc6 31. Bf4 Bc7 32. Kh2 Rcd8 33. c5 Bxa4 34. cxd6
Bb6 35. Qc4+ Kh7 36. d7 Re5 37. bxa4 Bc7 38. Re3 Rxd7 39. Rxd7 Nxd7 40. Bxe5
Bxe5 41. Qd3 Nc5 42. Qc2 Qd6 43. Bf1 Qd4 44. Rf3 a5 45. Kg2 h5 46. h4 Qd6 47.
Bc4 Bf6 48. Bf7 Qe5 49. Qc4 Qe7 50. Bd5 Kh6 51. Qc1+ Kh7 52. Qf4 Nxa4 53. Qb8
Qd8 54. Qxd8 Bxd8 55. Rf8 Bf6 56. Bg8+ Kh6 57. Bb3 1-0

[Event "XV C.to Mondiale Seniores Over 65"]
[Site "Acqui Terme ITA"]
[Date "2015.11.17"]
[Round "7"]
[White "Vasiukov, Evgeni"]
[Black "Boehnisch, Manfred"]
[WhiteElo "2392"]
[BlackElo "2291"]
[Result "1/2-1/2"]
[PlyCount "34"]
[EventDate "2015.11.10"]

1. e4 c6 2. d4 d5 3. e5 Bf5 4. h4 h5 5. c4 e6 6. Nc3 Be7 7. g3 f6 8. cxd5 fxe5
9. Bh3 exd4 10. Bxf5 exf5 11. Qxd4 Nf6 12. Bg5 cxd5 13. Qe5 Nc6 14. Qxf5 d4 15.
Bxf6 Bxf6 16. Ne4 O-O 17. Nh3 Qe8 1/2-1/2

[Event "XV C.to Mondiale Seniores Over 65"]
[Site "Acqui Terme ITA"]
[Date "2015.11.17"]
[Round "7"]
[White "Zhelnin, Vladimir V"]
[Black "Rooze, Jan"]
[WhiteElo "2469"]
[BlackElo "2262"]
[Result "0-1"]
[PlyCount "92"]
[EventDate "2015.11.10"]

1. e4 c5 2. Nf3 e6 3. d4 cxd4 4. Nxd4 Nc6 5. Nc3 Qc7 6. Be2 a6 7. O-O Nf6 8.
Be3 Be7 9. f4 d6 10. Qe1 O-O 11. Qg3 Nxd4 12. Bxd4 b5 13. a3 Bb7 14. Bd3 Rad8
15. Rae1 Rd7 16. Kh1 Re8 17. e5 dxe5 18. Bxe5 Qd8 19. Re3 g6 20. f5 exf5 21.
Rxf5 Nd5 22. Nxd5 Bxd5 23. Bc3 Bc5 24. Rxe8+ Qxe8 25. Re5 Qa8 26. Re2 Be7 27.
Bf5 Bd6 28. Qg5 Rc7 29. Qf6 Rxc3 30. bxc3 Bxa3 31. Bg4 Bc4 32. Bf3 Qc8 33. Rd2
Bf8 34. Rd8 Qc7 35. Ra8 a5 36. g3 a4 37. Kg2 a3 38. Qd4 Qe7 39. Be4 h5 40. Kf3
Kh7 41. Ra7 Qg5 42. h3 Bc5 43. Bxg6+ Kxg6 44. Ra6+ Be6 45. Qd3+ Kg7 46. Ke2 Bc4
0-1

[Event "XV C.to Mondiale Seniores Over 65"]
[Site "Acqui Terme ITA"]
[Date "2015.11.18"]
[Round "8"]
[White "Balashov, Yuri S"]
[Black "Lederman, Leon"]
[WhiteElo "2418"]
[BlackElo "2260"]
[Result "1-0"]
[PlyCount "52"]
[EventDate "2015.11.10"]

1. e4 c5 2. Ne2 d6 3. g3 g6 4. Bg2 Bg7 5. c3 e6 6. d4 cxd4 7. cxd4 Ne7 8. Nbc3
O-O 9. Bg5 h6 10. Be3 Nd7 11. Qd2 Kh7 12. O-O Nf6 13. h3 d5 14. e5 Nfg8 15. g4
Nc6 16. f4 f5 17. Bf3 Bd7 18. Kh2 Rf7 19. Ng3 Bf8 20. gxf5 gxf5 21. Nh5 Be8 22.
Rg1 Kh8 23. Rg3 Rh7 24. Rag1 Bf7 25. Qg2 Be7 26. Rg7 Bf8 1-0

[Event "XV C.to Mondiale Seniores Over 65"]
[Site "Acqui Terme ITA"]
[Date "2015.11.18"]
[Round "8"]
[White "Birnboim, Nathan"]
[Black "Vasiukov, Evgeni"]
[WhiteElo "2360"]
[BlackElo "2392"]
[Result "0-1"]
[PlyCount "65"]
[EventDate "2015.11.10"]

1. Nf3 Nf6 2. c4 g6 3. g3 Bg7 4. Bg2 O-O 5. O-O c6 6. d3 d5 7. Nbd2 a5 8. Qc2
Na6 9. a3 Re8 10. d4 Qb6 11. c5 Qc7 12. Qd1 Bf5 13. Nh4 Bg4 14. h3 Be6 15. Ndf3
Ne4 16. Ng5 Nxg5 17. Bxg5 b6 18. Bf4 Qb7 19. b4 axb4 20. axb4 Nxb4 21. Rb1 bxc5
22. dxc5 Ra5 23. Qd2 Rb5 24. Rfc1 Ra8 25. g4 Na2 26. Rxb5 Qxb5 27. Rf1 Nc3 28.
Bf3 d4 29. Bh6 Qxc5 30. Bxg7 Kxg7 31. Rc1 Ra2 32. Qf4 Rxe2 33. Ra1 0-1

[Event "XV C.to Mondiale Seniores Over 65"]
[Site "Acqui Terme ITA"]
[Date "2015.11.18"]
[Round "8"]
[White "Boehnisch, Manfred"]
[Black "Sorensen, Bent"]
[WhiteElo "2291"]
[BlackElo "2151"]
[Result "1-0"]
[PlyCount "75"]
[EventDate "2015.11.10"]

1. e4 e6 2. d4 d5 3. Nc3 Bb4 4. exd5 exd5 5. Bd3 Nc6 6. a3 Bxc3+ 7. bxc3 Nge7
8. Qh5 Be6 9. Rb1 b6 10. Nf3 Qd7 11. Ng5 g6 12. Qf3 O-O-O 13. O-O Rdf8 14. Nxe6
fxe6 15. Qe2 Nf5 16. Re1 Re8 17. Bf4 Nd6 18. Be5 Nxe5 19. dxe5 Nb7 20. Bb5 c6
21. Ba6 Kb8 22. Bxb7 Kxb7 23. a4 Ka8 24. c4 Rhf8 25. g3 Rb8 26. cxd5 cxd5 27.
c4 Qxa4 28. cxd5 exd5 29. e6 Rb7 30. Rbd1 Qc6 31. Qe5 Re7 32. Rxd5 Kb7 33. Rd6
Qf3 34. Qd4 Rc8 35. Rd7+ Rc7 36. Rxc7+ Kxc7 37. Rc1+ Kb7 38. Qd8 1-0

[Event "XV C.to Mondiale Seniores Over 65"]
[Site "Acqui Terme ITA"]
[Date "2015.11.18"]
[Round "8"]
[White "Butnorius, Algimantas"]
[Black "Mojzis, Jaroslav"]
[WhiteElo "2360"]
[BlackElo "2101"]
[Result "1/2-1/2"]
[PlyCount "99"]
[EventDate "2015.11.10"]

1. c4 Nf6 2. Nc3 e6 3. Nf3 Bb4 4. Qc2 O-O 5. a3 Bxc3 6. Qxc3 d6 7. g3 b6 8. Bg2
Bb7 9. O-O Nbd7 10. b4 a5 11. Bb2 c5 12. d3 axb4 13. axb4 Qc7 14. e4 Rxa1 15.
Rxa1 Ra8 16. Rxa8+ Bxa8 17. Qa3 Bb7 18. Ne1 Qb8 19. Nc2 Qa8 20. Qxa8+ Bxa8 21.
f4 Ne8 22. Bc3 Kf8 23. Kf2 Nc7 24. bxc5 Nxc5 25. Ke3 f6 26. d4 N5a6 27. Bf1 g6
28. g4 Ke7 29. h4 Bc6 30. Nb4 Nxb4 31. Bxb4 Kd7 32. Bc3 Ba4 33. d5 e5 34. g5
exf4+ 35. Kxf4 fxg5+ 36. hxg5 b5 37. Bh3+ Ke7 38. e5 bxc4 39. exd6+ Kxd6 40.
Be5+ Kxd5 41. Bxc7 c3 42. Ke3 c2 43. Kd2 Ke4 44. Be6 Kf3 45. Be5 Ke4 46. Bg7
Kf4 47. Bh6 Ke5 48. Bc4 Kd4 49. Bg8 Ke5 50. Bxh7 1/2-1/2

[Event "XV C.to Mondiale Seniores Over 65"]
[Site "Acqui Terme ITA"]
[Date "2015.11.18"]
[Round "8"]
[White "Karasev, Vladimir I"]
[Black "Kierzek, Matthias"]
[WhiteElo "2344"]
[BlackElo "2234"]
[Result "1-0"]
[PlyCount "85"]
[EventDate "2015.11.10"]

1. Nf3 d5 2. g3 g6 3. Bg2 Bg7 4. O-O e5 5. d3 Ne7 6. c4 c6 7. cxd5 cxd5 8. d4
e4 9. Ne1 Nbc6 10. Nc2 Nf5 11. e3 O-O 12. Nc3 Be6 13. Qe2 Nd6 14. b3 f5 15. Ba3
Rf7 16. Na4 b6 17. Rac1 Rc7 18. Nc3 a6 19. Na4 Rcc8 20. Bxd6 Qxd6 21. Nxb6 Nxd4
22. Nxd4 Qxb6 23. Rxc8+ Rxc8 24. Rd1 Bd7 25. Bf1 Bxd4 26. Rxd4 Bb5 27. Qd2 Bxf1
28. Kxf1 Qb5+ 29. Kg2 Rd8 30. h4 Rd6 31. Rb4 Qc5 32. a4 Kf7 33. Rb7+ Ke6 34.
Rxh7 d4 35. exd4 Qxd4 36. Qg5 Kd5 37. h5 e3 38. Qxe3 Qxe3 39. fxe3 gxh5 40. Kf3
Rb6 41. Rxh5 Rxb3 42. Rxf5+ Ke6 43. Rh5 1-0

[Event "XV C.to Mondiale Seniores Over 65"]
[Site "Acqui Terme ITA"]
[Date "2015.11.18"]
[Round "8"]
[White "Kupreichik, Viktor D"]
[Black "Okhotnik, Vladimir"]
[WhiteElo "2369"]
[BlackElo "2442"]
[Result "0-1"]
[PlyCount "94"]
[EventDate "2015.11.10"]

1. e4 g6 2. d4 Bg7 3. Be3 d6 4. Qd2 c5 5. c3 Nf6 6. f3 Nc6 7. Ne2 d5 8. e5 cxd4
9. cxd4 Nd7 10. Nec3 Ndxe5 11. Na3 Be6 12. dxe5 d4 13. Bf4 dxc3 14. Qxc3 O-O
15. Bc4 Bxc4 16. Nxc4 Rc8 17. Rd1 Qc7 18. a4 Rfd8 19. O-O Rxd1 20. Rxd1 Rd8 21.
Rxd8+ Qxd8 22. Kf2 Qd1 23. a5 Qd5 24. b3 h5 25. h3 e6 26. h4 Bf8 27. Qd2 Bb4
28. Qxd5 exd5 29. Ne3 Bc5 30. Ke2 Bxe3 31. Bxe3 Nxa5 32. Bxa7 Nc6 33. Bb6 Nxe5
34. Ke3 Nc6 35. Kf4 f6 36. g4 Kf7 37. gxh5 gxh5 38. Kf5 Ne7+ 39. Kf4 Ke6 40.
Bf2 Ng6+ 41. Ke3 Ne5 42. Bg3 Nc6 43. Be1 d4+ 44. Ke4 f5+ 45. Kf4 Ne5 46. Ba5
Nd3+ 47. Kg5 Nc5 0-1

[Event "XV C.to Mondiale Seniores Over 65"]
[Site "Acqui Terme ITA"]
[Date "2015.11.18"]
[Round "8"]
[White "Maryasin, Boris"]
[Black "Aparicio, Anibal"]
[WhiteElo "2335"]
[BlackElo "2221"]
[Result "1-0"]
[PlyCount "55"]
[EventDate "2015.11.10"]

1. e4 e6 2. d4 d5 3. e5 c5 4. c3 Qb6 5. Nf3 Nc6 6. a3 f6 7. Bd3 c4 8. Bc2 Bd7
9. O-O fxe5 10. dxe5 Nh6 11. Qe2 g6 12. Be3 Qc7 13. Bg5 Bg7 14. Re1 O-O 15.
Nbd2 Ng4 16. h4 Ngxe5 17. h5 Rf7 18. Nxe5 Nxe5 19. f4 Qb6+ 20. Kh1 Qxb2 21. Nf1
Qxc3 22. fxe5 Raf8 23. hxg6 Rf2 24. Qh5 h6 25. Bxh6 R8f5 26. Bxf5 Rxf5 27. Qh4
Be8 28. Bxg7 1-0

[Event "XV C.to Mondiale Seniores Over 65"]
[Site "Acqui Terme ITA"]
[Date "2015.11.18"]
[Round "8"]
[White "Pushkov, Nikolai"]
[Black "Leskovar, Mario"]
[WhiteElo "2317"]
[BlackElo "2298"]
[Result "1-0"]
[PlyCount "87"]
[EventDate "2015.11.10"]

1. d4 g6 2. e4 Bg7 3. c4 d6 4. Nc3 Nd7 5. Be3 e5 6. d5 h5 7. h4 Bh6 8. Qd2 Bxe3
9. Qxe3 Nh6 10. g3 f5 11. Bh3 Nf6 12. exf5 Bxf5 13. Bxf5 Nxf5 14. Qg5 Rg8 15.
Nge2 Qe7 16. O-O-O O-O-O 17. f3 Rdf8 18. Rdf1 Nh7 19. Qd2 Nf6 20. Ne4 Nxe4 21.
fxe4 Ng7 22. Qg5 Qxg5+ 23. hxg5 Kd7 24. Kd2 Ke7 25. Nc3 Ne8 26. b4 a6 27. a4
Rh8 28. Rxf8 Rxf8 29. Ke3 Ng7 30. a5 Rc8 31. c5 c6 32. Rf1 Ne8 33. Kd3 Rc7 34.
Kc4 Rc8 35. Na4 cxd5+ 36. exd5 dxc5 37. bxc5 Nd6+ 38. Kb4 Nf5 39. Re1 Nxg3 40.
Rxe5+ Kf7 41. d6 h4 42. Re7+ Kf8 43. Nb6 Re8 44. Nd7+ 1-0

[Event "XV C.to Mondiale Seniores Over 65"]
[Site "Acqui Terme ITA"]
[Date "2015.11.18"]
[Round "8"]
[White "Rooze, Jan"]
[Black "Vaisser, Anatoly"]
[WhiteElo "2262"]
[BlackElo "2505"]
[Result "1/2-1/2"]
[PlyCount "98"]
[EventDate "2015.11.10"]

1. e4 c5 2. Nf3 e6 3. d4 cxd4 4. Nxd4 Nf6 5. Nc3 Nc6 6. Ndb5 d6 7. Bf4 e5 8.
Bg5 a6 9. Na3 b5 10. Bxf6 gxf6 11. Nd5 Bg7 12. Bd3 Ne7 13. Nxe7 Qxe7 14. O-O f5
15. c4 O-O 16. Qf3 d5 17. cxd5 fxe4 18. Bxe4 Rb8 19. Rfd1 Rb6 20. Rac1 Bd7 21.
Rc7 Qd8 22. Rxd7 Qxd7 23. Bf5 Qd6 24. Qe4 Qh6 25. Nc2 Qf4 26. Ne3 Qxe4 27. Bxe4
Rc8 28. Kf1 Bf8 29. Nf5 Bd6 30. Ke2 Rc4 31. Kd3 Kf8 32. Re1 Ke8 33. Re3 Bc5 34.
Rh3 h6 35. f3 Bf8 36. Rh5 Rc1 37. Ne3 f6 38. Rh4 Ra1 39. a3 Rb7 40. Bg6+ Kd8
41. Rg4 Rc7 42. Kd2 Ra2 43. Nd1 Bxa3 44. Bb1 Ra1 45. Bf5 Bc5 46. Nc3 Re7 47.
Rg8+ Re8 48. Rg7 Re7 49. Rg8+ Re8 1/2-1/2

[Event "XV C.to Mondiale Seniores Over 65"]
[Site "Acqui Terme ITA"]
[Date "2015.11.18"]
[Round "8"]
[White "Sloth, Jorn"]
[Black "Malmdin, Nils-Ake"]
[WhiteElo "2311"]
[BlackElo "2162"]
[Result "1/2-1/2"]
[PlyCount "51"]
[EventDate "2015.11.10"]

1. g3 g6 2. Bg2 Bg7 3. c4 c5 4. Nc3 Nc6 5. b3 d6 6. Bb2 h5 7. h4 Rb8 8. Qc1 a6
9. Nf3 Nh6 10. Nd5 e5 11. Ng5 Nf5 12. e3 O-O 13. d3 Nce7 14. Qd2 Nxd5 15. cxd5
Bh6 16. e4 Nd4 17. f4 Bg4 18. O-O Rc8 19. Rf2 exf4 20. gxf4 Bg7 21. Re1 Qc7 22.
Kh2 Rce8 23. Ref1 Qe7 24. Kg3 b6 25. Rh1 Qd7 26. Nf3 1/2-1/2

[Event "XV C.to Mondiale Seniores Over 65"]
[Site "Acqui Terme ITA"]
[Date "2015.11.18"]
[Round "8"]
[White "Sprotte, Norbert"]
[Black "Gutkin, Boris"]
[WhiteElo "2202"]
[BlackElo "2311"]
[Result "1/2-1/2"]
[PlyCount "53"]
[EventDate "2015.11.10"]

1. Nf3 Nf6 2. g3 g6 3. b3 Bg7 4. Bb2 O-O 5. Bg2 d6 6. d4 Nc6 7. Nc3 e5 8. d5
Ne7 9. Qd2 h6 10. O-O-O Nh5 11. Ne1 f5 12. f3 Bd7 13. e4 f4 14. g4 Nf6 15. h4
a6 16. Nd3 Nh7 17. Nf2 Rf7 18. Bf1 Nf8 19. Nb1 Qb8 20. c4 Qa7 21. Nd3 Bc8 22.
c5 Bd7 23. Na3 Nc8 24. Kb1 Be8 25. Nc4 Nd7 26. Rc1 b6 27. c6 1/2-1/2

[Event "XV C.to Mondiale Seniores Over 65"]
[Site "Acqui Terme ITA"]
[Date "2015.11.18"]
[Round "8"]
[White "Wahlbom, Magnus"]
[Black "Bogdanov, Valentin"]
[WhiteElo "2241"]
[BlackElo "2374"]
[Result "1/2-1/2"]
[PlyCount "49"]
[EventDate "2015.11.10"]

1. e4 e6 2. d4 d5 3. Nd2 a6 4. Ngf3 c5 5. dxc5 Bxc5 6. Bd3 Nc6 7. O-O Nge7 8.
a3 O-O 9. b4 Ba7 10. Bb2 Ng6 11. exd5 exd5 12. Nb3 Nf4 13. Qd2 Qd6 14. Rfe1
Nxd3 15. Qxd3 Qg6 16. Qxg6 hxg6 17. Nfd4 Bf5 18. Nxc6 bxc6 19. Rac1 Rfe8 20.
Rxe8+ Rxe8 21. Kf1 Bg4 22. Re1 Rxe1+ 23. Kxe1 Bf5 24. Na5 Bd7 25. Nb3 1/2-1/2

[Event "XV C.to Mondiale Seniores Over 65"]
[Site "Acqui Terme ITA"]
[Date "2015.11.19"]
[Round "9"]
[White "Bogdanov, Valentin"]
[Black "Shvedchikov, Anatoli I"]
[WhiteElo "2374"]
[BlackElo "2310"]
[Result "1/2-1/2"]
[PlyCount "20"]
[EventDate "2015.11.10"]

1. d4 d5 2. c4 c6 3. Nc3 Nf6 4. cxd5 cxd5 5. Bf4 Nc6 6. e3 a6 7. Bd3 e6 8. Nge2
Bd6 9. Bxd6 Qxd6 10. O-O O-O 1/2-1/2

[Event "XV C.to Mondiale Seniores Over 65"]
[Site "Acqui Terme ITA"]
[Date "2015.11.19"]
[Round "9"]
[White "Giffard, Nicolas"]
[Black "Werner, Clemens"]
[WhiteElo "2303"]
[BlackElo "2329"]
[Result "1/2-1/2"]
[PlyCount "52"]
[EventDate "2015.11.10"]

1. d4 Nf6 2. Nf3 g6 3. g3 Bg7 4. Bg2 O-O 5. O-O d6 6. a4 Nc6 7. a5 Rb8 8. c3 e5
9. dxe5 dxe5 10. Qxd8 Rxd8 11. Nfd2 a6 12. Nc4 Be6 13. Nbd2 Ne8 14. e4 Rd3 15.
Re1 Rbd8 16. Bf1 R3d7 17. Nb3 Nd6 18. Ncd2 Ne8 19. Bc4 Bxc4 20. Nxc4 Bf8 21.
Be3 f6 22. Nc5 Bxc5 23. Bxc5 Ng7 24. f3 Ne6 25. Bf2 Kf7 26. Kf1 h5 1/2-1/2

[Event "XV C.to Mondiale Seniores Over 65"]
[Site "Acqui Terme ITA"]
[Date "2015.11.19"]
[Round "9"]
[White "Gutkin, Boris"]
[Black "Boitsov, Gennadij"]
[WhiteElo "2311"]
[BlackElo "2165"]
[Result "1/2-1/2"]
[PlyCount "142"]
[EventDate "2015.11.10"]

1. d4 Nf6 2. Nf3 e6 3. c4 Bb4+ 4. Bd2 Qe7 5. Nc3 Bxc3 6. Bxc3 Ne4 7. Qc2 Nxc3
8. Qxc3 a5 9. a3 O-O 10. e3 d6 11. Be2 Nd7 12. O-O e5 13. Rfe1 Re8 14. Rac1 b6
15. b4 axb4 16. axb4 Bb7 17. d5 Ra7 18. Ra1 Rea8 19. Rxa7 Rxa7 20. Ra1 Rxa1+
21. Qxa1 Qd8 22. Qa7 Qa8 23. Qxa8+ Bxa8 24. e4 Bb7 25. Kf1 Nb8 26. Ne1 Bc8 27.
Bd3 Bd7 28. Ke2 Na6 29. Nc2 Ba4 30. b5 Nc5 31. Nb4 Kf8 32. Na6 Ke7 33. Nxc7 Kd8
34. Na6 Nxa6 35. bxa6 Kc7 36. f4 f6 37. fxe5 fxe5 38. h4 Bd7 39. Kf3 Bc8 40.
Ke3 Bxa6 41. c5 b5 42. c6 Kb6 43. Be2 Bc8 44. Kd3 Kc5 45. Kc3 g6 46. Kb3 h6 47.
Bf3 g5 48. hxg5 hxg5 49. Bh5 b4 50. Bg6 Ba6 51. Bf5 Bc4+ 52. Ka4 Kb6 53. Kxb4
Bf1 54. g3 Be2 55. Kc3 Bf3 56. Kd3 Kc7 57. Bh3 Kd8 58. Bf1 Bg4 59. Be2 Bc8 60.
Bh5 Bh3 61. Ke3 Bg2 62. Bg4 Kc7 63. Bf5 Bh1 64. Bh3 Kd8 65. Bf1 Kc7 66. Be2 Bg2
67. Bg4 Kd8 68. Bf5 Kc7 69. Bg4 Kd8 70. Bh5 Kc7 71. Bg6 g4 1/2-1/2

[Event "XV C.to Mondiale Seniores Over 65"]
[Site "Acqui Terme ITA"]
[Date "2015.11.19"]
[Round "9"]
[White "Karasev, Vladimir I"]
[Black "Boehnisch, Manfred"]
[WhiteElo "2344"]
[BlackElo "2291"]
[Result "1/2-1/2"]
[PlyCount "100"]
[EventDate "2015.11.10"]

1. Nf3 d5 2. g3 c6 3. Bg2 Nf6 4. O-O Bf5 5. d3 Nbd7 6. Nh4 Bg6 7. c4 e6 8. cxd5
cxd5 9. Nc3 Bc5 10. e4 Bh5 11. Qb3 dxe4 12. dxe4 Qb6 13. Qxb6 Bxb6 14. h3 h6
15. g4 g5 16. Nf3 Bg6 17. Re1 O-O-O 18. e5 Nd5 19. Nxd5 exd5 20. Be3 Rhe8 21.
Rac1+ Kb8 22. Bxb6 Nxb6 23. h4 Be4 24. Nd4 Bxg2 25. Kxg2 Nc4 26. hxg5 hxg5 27.
e6 f6 28. Rh1 Ne5 29. Rh7 Rc8 30. Rxc8+ Kxc8 31. Nb5 Rxe6 32. Nxa7+ Kd8 33. Nb5
Rb6 34. Rh8+ Kd7 35. Rh7+ Kc6 36. a4 Kc5 37. Rc7+ Nc6 38. Kf3 Ra6 39. b3 Rb6
40. Ke3 Kb4 41. Nd4 Na5 42. Rc1 Ka3 43. Rc5 Nxb3 44. Rxd5 Kxa4 45. Ne2 Re6+ 46.
Kd3 Kb4 47. f4 Nc5+ 48. Kd2 Ne4+ 49. Kd3 Nf2+ 50. Kd2 Kc4 1/2-1/2

[Event "XV C.to Mondiale Seniores Over 65"]
[Site "Acqui Terme ITA"]
[Date "2015.11.19"]
[Round "9"]
[White "Leskovar, Mario"]
[Black "Butnorius, Algimantas"]
[WhiteElo "2298"]
[BlackElo "2360"]
[Result "0-1"]
[PlyCount "102"]
[EventDate "2015.11.10"]

1. e4 c5 2. Nf3 Nc6 3. Bb5 d6 4. O-O Bd7 5. d4 cxd4 6. Nxd4 Nf6 7. Nc3 e6 8.
Kh1 Be7 9. f4 O-O 10. Nf3 a6 11. Bd3 Qc7 12. a3 b5 13. Qe2 b4 14. axb4 Nxb4 15.
Be3 Bc6 16. Nd4 Bb7 17. Nb3 Rab8 18. Ba7 Rbc8 19. Bd4 Rfd8 20. e5 Nd7 21. exd6
Bxd6 22. Be4 Bxe4 23. Qxe4 Nf8 24. Rf2 Ng6 25. Raf1 Nc6 26. f5 exf5 27. Rxf5
Nxd4 28. Nxd4 Be5 29. Rxf7 Qc4 30. Nde2 Qxe4 31. Nxe4 Rxc2 32. N2g3 Rxb2 33.
Ra7 Ra2 34. Nc5 Ra1 35. Nd7 Rxf1+ 36. Nxf1 Bd4 37. Rb7 a5 38. Nd2 Ne5 39. Nb3
Nxd7 40. Nxa5 Rb8 41. Rxb8+ Nxb8 42. g3 Kf7 43. Kg2 Ke6 44. Nc4 Kd5 45. Nd2 Nd7
46. Nf3 Ne5 47. Nh4 g6 48. Kh1 Ke4 49. Ng2 Nd3 50. h3 Kf3 51. g4 Kg3 0-1

[Event "XV C.to Mondiale Seniores Over 65"]
[Site "Acqui Terme ITA"]
[Date "2015.11.19"]
[Round "9"]
[White "Malmdin, Nils-Ake"]
[Black "Birnboim, Nathan"]
[WhiteElo "2162"]
[BlackElo "2360"]
[Result "1/2-1/2"]
[PlyCount "69"]
[EventDate "2015.11.10"]

1. e4 c5 2. Nf3 Nc6 3. Nc3 e6 4. d4 cxd4 5. Nxd4 Nf6 6. a3 Qc7 7. Be3 a6 8. Bd3
Bd6 9. Qe2 Be5 10. Nxc6 Qxc6 11. Bd2 b5 12. f3 Rb8 13. g4 d6 14. f4 Bd4 15. g5
Nd7 16. Rf1 Nc5 17. f5 O-O 18. f6 g6 19. Qg4 Bxc3 20. Bxc3 e5 21. Qh4 Nxd3+ 22.
cxd3 h5 23. gxh6 Kh7 24. Qg5 Be6 25. h4 Rg8 26. Kd2 Qb6 27. Ke2 a5 28. Rg1 b4
29. axb4 axb4 30. Bd2 Qd4 31. Qe3 Qxe3+ 32. Bxe3 Ra8 33. Rgc1 b3 34. Rxa8 Rxa8
35. Kd2 1/2-1/2

[Event "XV C.to Mondiale Seniores Over 65"]
[Site "Acqui Terme ITA"]
[Date "2015.11.19"]
[Round "9"]
[White "Maryasin, Boris"]
[Black "Pushkov, Nikolai"]
[WhiteElo "2335"]
[BlackElo "2317"]
[Result "1/2-1/2"]
[PlyCount "43"]
[EventDate "2015.11.10"]

1. e4 e6 2. d4 d5 3. Nc3 Bb4 4. exd5 exd5 5. Bd3 Nc6 6. a3 Qe7+ 7. Nge2 Bxc3+
8. bxc3 Bg4 9. f3 Bh5 10. O-O Bg6 11. Rb1 O-O-O 12. Ng3 Qd7 13. f4 Bxd3 14.
cxd3 Nf6 15. f5 h6 16. Bf4 Rhe8 17. Nh5 Nxh5 18. Qxh5 f6 19. Rbe1 Re7 20. Bg3
Rde8 21. Rxe7 Rxe7 22. Qf3 1/2-1/2

[Event "XV C.to Mondiale Seniores Over 65"]
[Site "Acqui Terme ITA"]
[Date "2015.11.19"]
[Round "9"]
[White "Okhotnik, Vladimir"]
[Black "Rooze, Jan"]
[WhiteElo "2442"]
[BlackElo "2262"]
[Result "1-0"]
[PlyCount "133"]
[EventDate "2015.11.10"]

1. e4 c5 2. Nf3 e6 3. c3 Nf6 4. e5 Nd5 5. d4 cxd4 6. cxd4 d6 7. Bc4 Be7 8. O-O
O-O 9. exd6 Qxd6 10. Nc3 Nxc3 11. bxc3 Qc7 12. Qe2 Nd7 13. Bd2 Bf6 14. Rfe1 b6
15. Bd3 Bb7 16. Rac1 Rfe8 17. Ng5 Bxg5 18. Bxg5 e5 19. Qg4 Kh8 20. Qf5 Nf8 21.
dxe5 Re6 22. Bh4 Rae8 23. f4 Rg6 24. Bf1 Ne6 25. Re3 Qc5 26. Bf2 Rf6 27. Qc2
Rxf4 28. Rh3 Be4 29. Bxc5 Bxc2 30. Be3 Bf5 31. Bxf4 Bxh3 32. Be3 Bf5 33. Rd1
Rd8 34. Rd6 Kg8 35. Ba6 Kf8 36. Bc1 Rxd6 37. exd6 Nc5 38. Bb5 a6 39. Be2 Bd3
40. Bg4 f5 41. Bh5 g6 42. Bf3 Be4 43. Be2 Bd5 44. a3 b5 45. Be3 Nb7 46. a4 bxa4
47. c4 Bc6 48. c5 Bb5 49. Bxb5 axb5 50. c6 Nxd6 51. Bc5 Ke7 52. c7 Kd7 53. Bxd6
b4 54. Bxb4 Kxc7 55. Kf2 Kc6 56. Ke3 Kb5 57. Be7 Kc4 58. Kf4 Kd3 59. h4 Ke2 60.
Bc5 Kf1 61. Kf3 h6 62. Bf8 Kg1 63. Bxh6 a3 64. g3 Kh2 65. Bf8 a2 66. Bg7 Kh3
67. Be5 1-0